| 000 -LEADER |
| fixed length control field |
04025cam a22004338i 4500 |
| 001 - CONTROL NUMBER |
| control field |
17265103 |
| 003 - CONTROL NUMBER IDENTIFIER |
| control field |
Nust- CAS-E |
| 005 - DATE AND TIME OF LATEST TRANSACTION |
| control field |
20180118181402.0 |
| 008 - FIXED-LENGTH DATA ELEMENTS--GENERAL INFORMATION |
| fixed length control field |
120420s2012 enk b 001 0 eng |
| 010 ## - LIBRARY OF CONGRESS CONTROL NUMBER |
| LC control number |
2012015667 |
| 020 ## - INTERNATIONAL STANDARD BOOK NUMBER |
| International Standard Book Number |
9781107005198 |
| 020 ## - INTERNATIONAL STANDARD BOOK NUMBER |
| International Standard Book Number |
9780521182935 |
| 040 ## - CATALOGING SOURCE |
| Original cataloging agency |
DLC |
| Language of cataloging |
eng |
| Transcribing agency |
DLC |
| Description conventions |
rda |
| 042 ## - AUTHENTICATION CODE |
| Authentication code |
pcc |
| 050 00 - LIBRARY OF CONGRESS CALL NUMBER |
| Classification number |
HD9502.A2 |
| Item number |
G542 2012 |
| 082 00 - DEWEY DECIMAL CLASSIFICATION NUMBER |
| Classification number |
333.79 |
| Edition number |
23 |
| Author Mark |
GLO 2012 |
| 084 ## - OTHER CLASSIFICATION NUMBER |
| Classification number |
POL044000 |
| Number source |
bisacsh |
| 245 00 - TITLE STATEMENT |
| Title |
Global Energy Assessment (GEA) / |
| Statement of responsibility, etc. |
editors, Thomas B. Johansson, Co-chair; Anand Patwardhan, Co-chair; Nebojša Nakićenović, Director; Luis Gomez-Echeverri, Associate Director. |
| 260 ## - PUBLICATION, DISTRIBUTION, ETC. |
| Place of publication, distribution, etc. |
Cambridge : |
| Name of publisher, distributor, etc. |
Cambridge University Press ; |
| Place of publication, distribution, etc. |
Laxenburg, Austria : |
| Name of publisher, distributor, etc. |
International Institute for Applied Systems Analysis, |
| Date of publication, distribution, etc. |
2012. |
| 263 ## - PROJECTED PUBLICATION DATE |
| Projected publication date |
1111 |
| 300 ## - PHYSICAL DESCRIPTION |
| Extent |
pages cm |
| 504 ## - BIBLIOGRAPHY, ETC. NOTE |
| Bibliography, etc. note |
Includes bibliographical references and index. |
| 505 8# - FORMATTED CONTENTS NOTE |
| Formatted contents note |
Machine generated contents note: Foreword; Preface; Key findings; Summary for policy makers; Technical summary; 1. Energy primer; 2. Energy, poverty, and development; 3. Energy and environment; 4. Energy and health; 5. Energy and security; 6. Energy and economy; 7. Energy resources and potentials; 8. Energy end-use: industry; 9. Energy end-use: transport; 10. Energy end-use: buildings; 11. Renewable energy; 12. Fossil energy; 13. Carbon capture and storage; 14. Nuclear energy; 15. Energy supply systems; 16. Transitions in energy systems; 17. Energy pathways for sustainable development; 18. Urban energy systems; 19. Energy access for development; 20. Land and water: linkages to bioenergy; 21. Lifestyles, well-being and energy; 22. Policies for energy system transformations: objectives and instruments; 23. Policies for energy access; 24. Policies for the Energy Technology Innovation System (ETIS); 25. Policies for capacity development; Annex I. Acronyms, abbreviations and chemical symbols; Annex II. Technical guidelines; Annex III. Contributors to the Global Energy Assessment; Annex IV. Reviewers of the Global Energy Assessment; Index. |
| 520 ## - SUMMARY, ETC. |
| Summary, etc. |
"The Global Energy Assessment (GEA) brings together over 300 international researchers to provide an independent, scientifically based, integrated and policy-relevant analysis of current and emerging energy issues and options. It has been peer-reviewed anonymously by an additional 200 international experts. The GEA assesses the major global challenges for sustainable development and their linkages to energy; the technologies and resources available for providing energy services; future energy systems that address the major challenges; and the policies and other measures that are needed to realize transformational change toward sustainable energy futures. The GEA goes beyond existing studies on energy issues by presenting a comprehensive and integrated analysis of energy challenges, opportunities and strategies, for developing, industrialized and emerging economies. This volume is an invaluable resource for energy specialists and technologists in all sectors (academia, industry and government) as well as policymakers, development economists and practitioners in international organizations and national governments"-- |
| 650 #0 - SUBJECT ADDED ENTRY--TOPICAL TERM |
| Topical term or geographic name entry element |
Energy policy. |
| 650 #0 - SUBJECT ADDED ENTRY--TOPICAL TERM |
| Topical term or geographic name entry element |
Power resources. |
| 650 #0 - SUBJECT ADDED ENTRY--TOPICAL TERM |
| Topical term or geographic name entry element |
Energy development. |
| 650 #0 - SUBJECT ADDED ENTRY--TOPICAL TERM |
| Topical term or geographic name entry element |
Energy security. |
| 650 #7 - SUBJECT ADDED ENTRY--TOPICAL TERM |
| Topical term or geographic name entry element |
POLITICAL SCIENCE / Public Policy / Environmental Policy. |
| Source of heading or term |
bisacsh |
| 700 1# - ADDED ENTRY--PERSONAL NAME |
| Personal name |
Johansson, Thomas B., |
| Dates associated with a name |
1943- |
| 700 1# - ADDED ENTRY--PERSONAL NAME |
| Personal name |
Patwardhan, Anand |
| Fuller form of name |
(Anand Prabhakar) |
| 700 1# - ADDED ENTRY--PERSONAL NAME |
| Personal name |
Nakićenović, Nebojša. |
| 700 1# - ADDED ENTRY--PERSONAL NAME |
| Personal name |
Gomez-Echeverri, Luis. |
| 710 2# - ADDED ENTRY--CORPORATE NAME |
| Corporate name or jurisdiction name as entry element |
International Institute for Applied Systems Analysis. |
| 856 42 - ELECTRONIC LOCATION AND ACCESS |
| Materials specified |
Cover image |
| Uniform Resource Identifier |
<a href="http://assets.cambridge.org/97811070/05198/cover/9781107005198.jpg">http://assets.cambridge.org/97811070/05198/cover/9781107005198.jpg</a> |
| 906 ## - LOCAL DATA ELEMENT F, LDF (RLIN) |
| a |
0 |
| b |
vip |
| c |
orignew |
| d |
1 |
| e |
ecip |
| f |
20 |
| g |
y-gencatlg |
| 942 ## - ADDED ENTRY ELEMENTS (KOHA) |
| Source of classification or shelving scheme |
|
| Koha item type |
Book |